Vietnam Heritage Cultural Heritage Association of Vietnam. Buddhist in the front, holy in the rear
Kaydedildi:
| Materyal Türü: | Bilinmiyor |
|---|---|
| Baskı/Yayın Bilgisi: |
2014
|
| Etiketler: |
Etiketle
Etiket eklenmemiş, İlk siz ekleyin!
|
| Thư viện lưu trữ: | Mạng thư viện Đại học Đà Nẵng |
|---|
| LEADER | 00741na a2200205 4500 | ||
|---|---|---|---|
| 001 | 000032487 | ||
| 003 | 8576 | ||
| 005 | 20151002091341.0 | ||
| 008 | 151002s2014 000 | ||
| 082 | |a 420.30 | ||
| 245 | |a Vietnam Heritage Cultural Heritage Association of Vietnam. Buddhist in the front, holy in the rear |c Lê Thanh Hải | ||
| 260 | |c 2014 | ||
| OWN | |a LNN | ||
| AVA | |a UDN50 |b LNN |d 420.30 |e available |t Error 5001 Not defined in file expand_doc_bib_avail. |f 2 |g 0 |h N |i 0 |k 1 | ||
| 999 | |a From the UDN01 | ||
| AVA | |a UDN50 |b LNN |d 420.30 |e available |t Error 5001 Not defined in file expand_doc_bib_avail. |f 2 |g 0 |h N |i 0 |k 1 | ||
| TYP | |a Printed language | ||
| 980 | |a Mạng thư viện Đại học Đà Nẵng | ||